000 00613nam a22002057a 4500
005 20241209154749.0
010 _a B-761430
020 _a9789388078412
_c260.00
035 _aB-761430
037 _bGift
082 _a000
245 _aRainbow Big Book of Knowledge-1/
260 _aDelhi
_bRainbow Books
_c2019(repr.)
270 _aF-32, Street No.12, Parwana Road, Jagat Puri,
_b Delhi
_e110051
300 _a104p.
_c25cm(Hb)
_bcol.ill.
490 _v1
700 _aAakanksha
_955845
942 _2ddc
_cCH
_mRAI
_h000
999 _c207503
_d207503